000 00667nam a2200253Ia 4500
003 OSt
005 20220918205550.0
006 a|||||r|||| 00| 0
007 ta
008 220917b |||||||| |||| 00| 0 eng d
024 _a117,048
037 _cTextual
040 _aARTS
_cARTS
_beng
041 _2eng
_aeng
082 _aV642.N75<-M84, L6
100 _aSerfontein J H P
_9115478
245 0 _aNamibia
260 _aLondon
_bFokus Ssind Publications
_c1976
300 _a433p,
_ccm.
500 _aAppendix p379-430 (A-N)
650 _aHISTORY
942 _hV642.N75<-M84, L6
_cTEXL
_2CC
999 _c240342
_d240342